00389pab a2200145 454500008004000000100002200040245007200062260000900134300001200143362000800155650001000163700001600173700002400189773003000213180718b1999 xxu||||| |||| 00| 0 eng d aPadmadas, Sabu S. aAge at Menarche among Indian women: observations from NFHS, 1992-93 c1999 ap.71-79 aOct aWomen aDilip, T.R. aFrancis Zavier A.J. aJournal of Family Welfare